[Event "BL2-Ost 2223"]
[Site "Germany"]
[Date "2023.02.26"]
[Round "8.8"]
[White "Hoffmeyer, Falk"]
[Black "Zesch, Ludwig"]
[Result "1/2-1/2"]
[WhiteElo "2325"]
[BlackElo "2297"]
[PlyCount "84"]
[EventDate "2022.10.22"]
[EventType "team-tourn"]
[EventRounds "10"]
[EventCountry "GER"]
[SourceTitle "EXT 2024"]
[Source "ChessBase"]
[SourceDate "2023.10.10"]
[SourceVersion "1"]
[SourceVersionDate "2023.10.10"]
[SourceQuality "1"]
[WhiteTeam "Muenchen Zugzwang"]
[BlackTeam "Bayern Muenchen II"]
[WhiteTeamCountry "GER"]
[BlackTeamCountry "GER"]

1. d4 Nf6 2. Nc3 g6 3. e4 d6 4. Nf3 Bg7 5. Be2 0-0 6. 0-0 c5 7. dxc5 dxc5 8. Be3 b6 9. Qc1 Bb7 10. e5 Nd5 11. Nxd5 Qxd5 12. Bh6 Nc6 13. Bxg7 Nd4 14. Bd1 Kxg7 15. c3 Ne6 16. Qe3 Rad8 17. Be2 Qe4 18. Qxe4 Bxe4 19. Rfd1 Nf4 20. Kf1 Bxf3 21. Bxf3 Nd3 22. Rab1 Nxe5 23. Be2 g5 24. Ke1 f5 25. a4 Kf6 26. a5 Nc6 27. axb6 axb6 28. Ra1 Rxd1+ 29. Kxd1 Rd8+ 30. Kc2 Rd6 31. Ra8 h6 32. h3 Nd8 33. Rb8 e5 34. Ra8 e4 35. Ra7 Ne6 36. g3 f4 37. Bh5 e3 38. fxe3 fxe3 39. Rh7 c4 40. Kc1 b5 41. Rxh6+ Kg7 42. Rg6+ Kh7 1/2-1/2

[Event "BL2-Ost 2223"]
[Site "Germany"]
[Date "2022.10.22"]
[Round "1.7"]
[White "Braun, Michael1111"]
[Black "Hoffmeyer, Falk"]
[Result "1/2-1/2"]
[WhiteElo "2083"]
[BlackElo "2325"]
[PlyCount "54"]
[EventDate "2022.10.22"]
[EventType "team-tourn"]
[EventRounds "10"]
[EventCountry "GER"]
[SourceTitle "EXT 2024"]
[Source "ChessBase"]
[SourceDate "2023.10.10"]
[SourceVersion "1"]
[SourceVersionDate "2023.10.10"]
[SourceQuality "1"]
[WhiteTeam "Nuernberg NT"]
[BlackTeam "Muenchen Zugzwang"]
[WhiteTeamCountry "GER"]
[BlackTeamCountry "GER"]

1. d4 d5 2. c4 e6 3. g3 Nf6 4. Bg2 Be7 5. Nf3 0-0 6. 0-0 c6 7. Nc3 b6 8. Qd3 dxc4 9. Qxc4 Ba6 10. Qa4 b5 11. Qc2 Nbd7 12. Rd1 Rc8 13. Bf4 Nd5 14. Nxd5 cxd5 15. Qd2 b4 16. Rdc1 Qb6 17. Ne5 Nxe5 18. Bxe5 h6 19. h4 Rfd8 20. Bf3 f6 21. Bf4 Rc4 22. Be3 Rdc8 23. Rxc4 Rxc4 24. Rc1 Qc6 25. Rxc4 Qxc4 26. b3 Qc6 27. Qc1 Qxc1+ 1/2-1/2

[Event "Mittelfranken Landesliga Sued 2223"]
[Site "Mittelfranken"]
[Date "2022.10.09"]
[Round "1.1"]
[White "Ankerst, Mihael"]
[Black "Hoffmeyer, Falk"]
[Result "1-0"]
[WhiteElo "2373"]
[BlackElo "2296"]
[PlyCount "135"]
[EventDate "2022.10.09"]
[EventType "team-tourn"]
[EventRounds "9"]
[EventCountry "GER"]
[SourceTitle "EXT 2024"]
[Source "ChessBase"]
[SourceDate "2023.10.10"]
[SourceVersion "1"]
[SourceVersionDate "2023.10.10"]
[SourceQuality "1"]
[WhiteTeam "Bayern Muenchen III"]
[BlackTeam "Muenchen Zugzwang II"]
[WhiteTeamCountry "GER"]
[BlackTeamCountry "GER"]

1. e4 c6 2. d4 d5 3. e5 Bf5 4. Nf3 e6 5. Be2 c5 6. 0-0 Nc6 7. Be3 cxd4 8. Nxd4 Nxd4 9. Qxd4 a6 10. c4 Ne7 11. Nc3 Nc6 12. Qf4 dxc4 13. Qxc4 Be7 14. f4 h6 15. g4 Bh7 16. f5 exf5 17. Rad1 Qa5 18. Nd5 0-0 19. Bb6 Qb5 20. Qc2 fxg4 21. Bxb5 Bxc2 22. Bxc6 Bg5 23. Bd7 Bxd1 24. Rxd1 h5 25. Rd3 Rfd8 26. Bxd8 Rxd8 27. Nb6 Kf8 28. Kg2 Bf4 29. Rd5 Ke7 30. Nc8+ Kf8 31. Nb6 Ke7 32. Nc8+ Kf8 33. e6 fxe6 34. Bxe6 Rxd5 35. Bxd5 b5 36. b3 b4 37. Na7 Bc7 38. Nc6 a5 39. Bc4 g6 40. Nd4 Ke7 41. Bb5 Bb6 42. Ne2 Bc7 43. Ng3 Kf6 44. Be8 Kg5 45. Kf2 h4 46. Nf1 Bb6+ 47. Kg2 Kf5 48. Nd2 g5 49. Nc4 Bd8 50. Ne3+ Kf4 51. Nd5+ Ke4 52. Bf7 Kd3 53. Be6 g3 54. hxg3 hxg3 55. Kxg3 Kc2 56. Bd7 Kb2 57. Kg4 Kxa2 58. Ba4 Kb2 59. Ne3 Kc3 60. Nc4 Kd4 61. Nd6 Kd5 62. Nf7 Bb6 63. Nxg5 Ke5 64. Nf3+ Ke4 65. Bc6+ Kd3 66. Kf5 Kc3 67. Ba4 Kd3 68. Ke5 1-0

[Event "Mittelfranken Landesliga Sued 2122"]
[Site "Mittelfranken"]
[Date "2022.05.29"]
[Round "9.1"]
[White "Walter, Tobias"]
[Black "Hoffmeyer, Falk"]
[Result "0-1"]
[WhiteElo "2084"]
[BlackElo "2312"]
[PlyCount "56"]
[EventDate "2021.10.24"]
[EventType "team-tourn"]
[EventRounds "9"]
[EventCountry "GER"]
[SourceTitle "EXT 2024"]
[Source "ChessBase"]
[SourceDate "2023.10.10"]
[SourceVersion "1"]
[SourceVersionDate "2023.10.10"]
[SourceQuality "1"]
[WhiteTeam "Groebenzell II"]
[BlackTeam "Muenchen Zugzwang II"]
[WhiteTeamCountry "GER"]
[BlackTeamCountry "GER"]

1. d4 d5 2. Bf4 Nf6 3. e3 e6 4. Nd2 Bd6 5. Ngf3 Bxf4 6. exf4 0-0 7. Bd3 b6 8. Qe2 c5 9. c3 a5 10. Ne5 Ba6 11. 0-0 Bxd3 12. Qxd3 Qd6 13. Rae1 Nc6 14. a3 Ne7 15. Re3 cxd4 16. cxd4 Rac8 17. Rfe1 Qc7 18. Ndf3 h6 19. g4 Ne4 20. Qb5 Ng6 21. Nxg6 fxg6 22. Ne5 Rxf4 23. f3 Ng5 24. Kg2 Rxd4 25. h4 Ne4 26. fxe4 Qxe5 27. exd5 Rd2+ 28. R1e2 Qxe3 0-1

[Event "BL2-Ost 1920"]
[Site "Germany"]
[Date "2020.02.08"]
[Round "7.5"]
[White "Hoffmeyer, Falk"]
[Black "Promyshlyanskiy, Vitaliy"]
[Result "1-0"]
[WhiteElo "2346"]
[BlackElo "2275"]
[PlyCount "101"]
[EventDate "2019.10.19"]
[EventType "team-tourn"]
[EventRounds "11"]
[EventCountry "GER"]
[SourceTitle "CBM 194 Extra"]
[Source "ChessBase"]
[SourceDate "2020.03.31"]
[SourceVersion "1"]
[SourceVersionDate "2020.03.31"]
[SourceQuality "1"]
[WhiteTeam "Zugzwang MSA"]
[BlackTeam "Nuernberg NT"]
[WhiteTeamCountry "GER"]
[BlackTeamCountry "GER"]

1. d4 Nf6 2. Nf3 e6 3. Bf4 c5 4. e3 Be7 5. h3 cxd4 6. exd4 b6 7. Nbd2 Bb7 8. Bd3 d6 9. 0-0 0-0 10. c3 Nbd7 11. Qe2 Re8 12. Bh2 Bf8 13. Rfd1 e5 14. dxe5 Nxe5 15. Nxe5 dxe5 16. Bb5 Re6 17. Bc4 Re7 18. Ne4 Qc8 19. Nd6 Qc6 20. Nxb7 Qxb7 21. Bg3 Qc6 22. Bh4 Rc7 23. Bb3 Re8 24. Rd2 h6 25. Rad1 Bc5 26. Rd8 Rce7 27. Bc4 Rxd8 28. Rxd8+ Kh7 29. b4 g5 30. Bg3 b5 31. Bd3+ e4 32. Bxb5 Qb6 33. Rb8 Bxf2+ 34. Qxf2 Qxf2+ 35. Bxf2 e3 36. Be1 Kg7 37. Kf1 Re6 38. Rd8 Ne4 39. Ke2 Nd6 40. Bd3 f5 41. c4 h5 42. c5 Ne4 43. Rd7+ Kf6 44. Rxa7 g4 45. hxg4 hxg4 46. Ra6 Rxa6 47. Bxa6 f4 48. Bb7 f3+ 49. gxf3 g3 50. fxe4 g2 51. e5+ 1-0

[Event "BL2-Ost 1920"]
[Site "Germany"]
[Date "2019.12.07"]
[Round "5.6"]
[White "Hoffmeyer, Falk"]
[Black "Cabarkapa, Novak"]
[Result "0-1"]
[WhiteElo "2346"]
[BlackElo "2449"]
[PlyCount "50"]
[EventDate "2019.10.19"]
[EventType "team-tourn"]
[EventRounds "11"]
[EventCountry "GER"]
[SourceTitle "CBM 194 Extra"]
[Source "ChessBase"]
[SourceDate "2020.03.31"]
[SourceVersion "1"]
[SourceVersionDate "2020.03.31"]
[SourceQuality "1"]
[WhiteTeam "Zugzwang MSA"]
[BlackTeam "Deggendorf"]
[WhiteTeamCountry "GER"]
[BlackTeamCountry "GER"]

1. d4 a6 2. Nf3 e6 3. Bf4 Ne7 4. e3 d6 5. Be2 g6 6. c4 Bg7 7. Nc3 Nd7 8. h3 0-0 9. 0-0 h6 10. b4 e5 11. Bh2 f5 12. Qb3 e4 13. c5+ Kh8 14. Nd2 Nf6 15. cxd6 cxd6 16. b5 g5 17. bxa6 bxa6 18. Nc4 d5 19. Nb6 Ra7 20. Nxc8 Qxc8 21. Qb6 Qa8 22. Rab1 f4 23. Qe6 Rc8 24. Na4 Rc6 25. Qf7 Nf5 0-1

[Event "BL2-Ost 1920"]
[Site "Germany"]
[Date "2019.11.23"]
[Round "3.6"]
[White "Koepke, Elena"]
[Black "Hoffmeyer, Falk"]
[Result "1/2-1/2"]
[WhiteElo "2323"]
[BlackElo "2346"]
[PlyCount "62"]
[EventDate "2019.10.19"]
[EventType "team-tourn"]
[EventRounds "11"]
[EventCountry "GER"]
[SourceTitle "CBM 194 Extra"]
[Source "ChessBase"]
[SourceDate "2020.03.31"]
[SourceVersion "1"]
[SourceVersionDate "2020.03.31"]
[SourceQuality "1"]
[WhiteTeam "Garching"]
[BlackTeam "Zugzwang MSA"]
[WhiteTeamCountry "GER"]
[BlackTeamCountry "GER"]

1. e4 c6 2. c4 d5 3. exd5 cxd5 4. cxd5 Nf6 5. Nc3 Nxd5 6. Nf3 Nc6 7. Bb5 Nxc3 8. bxc3 Bd7 9. 0-0 e6 10. d4 Be7 11. Bd3 Qa5 12. Bd2 b6 13. Re1 Bf6 14. a4 Qh5 15. Rb1 Ne7 16. Bb5 Bxb5 17. Rxb5 Qg6 18. a5 bxa5 19. Rxa5 0-0 20. Qb3 h6 21. h3 Rfb8 22. Rb5 Rc8 23. Ra1 Qd3 24. Qb1 Qc4 25. Rb4 Qc6 26. Rba4 Nd5 27. Rxa7 Rxa7 28. Rxa7 Nxc3 29. Bxc3 Qxc3 30. Qb7 Rf8 31. Qe4 Rd8 1/2-1/2

[Event "Bundesliga 1819"]
[Site "Germany"]
[Date "2018.12.15"]
[Round "5.6"]
[White "Kollars, Dmitrij"]
[Black "Hoffmeyer, Falk"]
[Result "1-0"]
[WhiteElo "2542"]
[BlackElo "2337"]
[PlyCount "57"]
[EventDate "2018.11.10"]
[EventType "team-tourn"]
[EventRounds "15"]
[EventCountry "GER"]
[SourceTitle "CBM 187 Extra"]
[Source "ChessBase"]
[SourceDate "2018.11.04"]
[SourceVersion "1"]
[SourceVersionDate "2018.11.04"]
[SourceQuality "1"]
[WhiteTeam "Deizisau"]
[BlackTeam "Muenchen Zugzwang"]
[WhiteTeamCountry "GER"]
[BlackTeamCountry "GER"]

1. e4 c6 2. d4 d5 3. e5 Bf5 4. h4 h5 5. Bd3 Bxd3 6. Qxd3 Qa5+ 7. Nd2 e6 8. Ngf3 Qa6 9. c4 Ne7 10. 0-0 Nd7 11. b3 Nf5 12. a4 Be7 13. Ba3 Bxa3 14. Rxa3 0-0 15. Rc1 Rfd8 16. Qc3 dxc4 17. bxc4 c5 18. d5 Nf8 19. Qc2 Ng6 20. Qe4 Nge7 21. d6 Nc6 22. Rb1 Rac8 23. Qf4 Ncd4 24. Nxd4 cxd4 25. Qg5 Qa5 26. Rb5 Qa6 27. Ne4 Kf8 28. Qxh5 Nh6 29. Rg3 1-0

[Event "Bundesliga 1819"]
[Site "Germany"]
[Date "2018.11.24"]
[Round "3.7"]
[White "Pakleza, Zbigniew"]
[Black "Hoffmeyer, Falk"]
[Result "1/2-1/2"]
[WhiteElo "2508"]
[BlackElo "2337"]
[PlyCount "77"]
[EventDate "2018.11.10"]
[EventType "team-tourn"]
[EventRounds "15"]
[EventCountry "GER"]
[SourceTitle "CBM 187 Extra"]
[Source "ChessBase"]
[SourceDate "2018.11.04"]
[SourceVersion "1"]
[SourceVersionDate "2018.11.04"]
[SourceQuality "1"]
[WhiteTeam "Kiel Turm"]
[BlackTeam "Muenchen Zugzwang"]
[WhiteTeamCountry "GER"]
[BlackTeamCountry "GER"]

1. d4 d5 2. Bf4 Nf6 3. e3 e6 4. Nd2 Bd6 5. Bg3 b6 6. Ngf3 0-0 7. c3 c5 8. Ne5 Qc7 9. Bd3 Ba6 10. Bxa6 Nxa6 11. 0-0 Nb8 12. f4 Nc6 13. Qf3 Ne7 14. Bh4 Ne8 15. g4 f6 16. Nd3 Qc6 17. dxc5 bxc5 18. c4 Nc7 19. e4 dxc4 20. Nxc4 Nb5 21. e5 Qxf3 22. Rxf3 Nd4 23. Rf2 Bc7 24. exf6 gxf6 25. Nxc5 Ng6 26. Bg3 Bxf4 27. Kg2 e5 28. Rd1 Rac8 29. b4 Rfd8 30. a3 Bg5 31. Nb2 Nf4+ 32. Bxf4 exf4 33. Nbd3 f3+ 34. Kh3 Be3 35. Rff1 Ne2 36. Rxf3 Ng1+ 37. Rxg1 Bxg1 38. Rxf6 Bxc5 39. Nxc5 1/2-1/2

[Event "Bundesliga 1718"]
[Site "Germany"]
[Date "2018.04.29"]
[Round "13.2"]
[White "Hoffmeyer, Falk"]
[Black "Lampert, Jonas"]
[Result "0-1"]
[WhiteElo "2377"]
[BlackElo "2514"]
[PlyCount "120"]
[EventDate "2017.10.21"]
[EventType "team-tourn"]
[EventRounds "15"]
[EventCountry "GER"]
[SourceTitle "CBM 184"]
[Source "ChessBase"]
[SourceDate "2018.05.16"]
[SourceVersion "1"]
[SourceVersionDate "2018.05.16"]
[SourceQuality "1"]
[WhiteTeam "Muenchen Zugzwang"]
[BlackTeam "Hamburger SK"]
[WhiteTeamCountry "GER"]
[BlackTeamCountry "GER"]

1. d4 d5 2. Bf4 Nf6 3. e3 c5 4. Nf3 Nc6 5. Nbd2 e6 6. c3 cxd4 7. exd4 Nh5 8. Be3 Bd6 9. Ne5 g6 10. Be2 Ng7 11. f4 f6 12. Nd3 0-0 13. 0-0 Qc7 14. g3 Bd7 15. Bf3 Kh8 16. Bg2 Rae8 17. Bf2 Nf5 18. Nb3 b6 19. a4 Be7 20. Re1 Nd6 21. Nd2 Na5 22. Qc2 Nac4 23. Nxc4 dxc4 24. Nc1 f5 25. d5 exd5 26. Bxd5 Bf6 27. Ne2 Bc6 28. Bxc6 Qxc6 29. Bd4 Ne4 30. Bxf6+ Rxf6 31. Nd4 Qc5 32. Kg2 Rd8 33. Rad1 Qc8 34. Nb5 Rff8 35. Rxd8 Rxd8 36. Rd1 a6 37. Rxd8+ Qxd8 38. Nd4 Qd5 39. Kg1 Kg7 40. Qe2 Kf7 41. Nc2 Nc5 42. Ne3 Qd3 43. Kf2 Qxe2+ 44. Kxe2 Nxa4 45. Nxc4 Ke6 46. Kd2 b5 47. b3 Nc5 48. Na5 Kd5 49. Ke3 Ne4 50. Kd3 Nf2+ 51. Ke2 Ng4 52. h3 Nf6 53. Kf3 Ne4 54. c4+ Kc5 55. g4 Nd6 56. h4 b4 57. gxf5 gxf5 58. Ke3 Kb6 59. c5+ Kxc5 60. Kd3 Kb5 0-1

[Event "Bundesliga 1718"]
[Site "Germany"]
[Date "2017.12.10"]
[Round "6.5"]
[White "Perske, Thore"]
[Black "Hoffmeyer, Falk"]
[Result "1-0"]
[WhiteElo "2443"]
[BlackElo "2377"]
[PlyCount "79"]
[EventDate "2017.10.21"]
[EventType "team-tourn"]
[EventRounds "15"]
[EventCountry "GER"]
[SourceTitle "CBM 182"]
[Source "ChessBase"]
[SourceDate "2018.01.17"]
[SourceVersion "1"]
[SourceVersionDate "2018.01.17"]
[SourceQuality "1"]
[WhiteTeam "Hofheim"]
[BlackTeam "Muenchen Zugzwang"]
[WhiteTeamCountry "GER"]
[BlackTeamCountry "GER"]

1. e4 c6 2. d4 d5 3. e5 Bf5 4. Nf3 e6 5. Be2 c5 6. Be3 cxd4 7. Nxd4 Ne7 8. 0-0 Nbc6 9. Bb5 a6 10. Bxc6+ Nxc6 11. Nxf5 exf5 12. c3 Qd7 13. Bd4 Be7 14. Nd2 0-0 15. Nf3 Qe6 16. Qd3 Rfd8 17. Rad1 Rd7 18. Rfe1 h6 19. Qe3 Rc8 20. h4 b5 21. a3 Na5 22. Re2 Nc4 23. Qf4 a5 24. h5 Rb7 25. Be3 Nxe3 26. Rxe3 Rc4 27. Nd4 Qd7 28. Rf3 b4 29. axb4 axb4 30. Qxf5 Qxf5 31. Nxf5 bxc3 32. bxc3 Rc5 33. Rd4 Bg5 34. g3 Rb1+ 35. Kg2 Re1 36. Nd6 f6 37. Ra4 Kf8 38. Ra8+ Ke7 39. exf6+ Bxf6 40. Re8+ 1-0

[Event "Bundesliga 1617"]
[Site "Germany"]
[Date "2017.05.01"]
[Round "15.30"]
[White "Braga, Fernando Alberto"]
[Black "Hoffmeyer, Falk"]
[Result "0-1"]
[WhiteElo "2422"]
[BlackElo "2354"]
[PlyCount "70"]
[EventDate "2016.10.15"]
[EventType "team-tourn"]
[EventRounds "15"]
[EventCountry "GER"]
[SourceTitle "CBM 178"]
[Source "ChessBase"]
[SourceDate "2017.05.14"]
[SourceVersion "1"]
[SourceVersionDate "2017.05.14"]
[SourceQuality "1"]
[WhiteTeam "Aachen"]
[BlackTeam "Muenchen Zugzwang"]
[WhiteTeamCountry "GER"]
[BlackTeamCountry "GER"]

1. c4 e5 2. g3 c6 3. d4 e4 4. Nc3 d5 5. Bg2 Nf6 6. cxd5 cxd5 7. f3 Bb4 8. fxe4 dxe4 9. Bg5 Bf5 10. e3 h6 11. Bxf6 Bxc3+ 12. bxc3 Qxf6 13. Ne2 Qg5 14. Nf4 Nd7 15. Qb1 Nf6 16. Qb4 Bd7 17. c4 Rc8 18. Rc1 b6 19. Kd2 h5 20. Nd5 Nxd5 21. cxd5 Rxc1 22. Rxc1 Qxd5 23. Qc4 Qa5+ 24. Qc3 Qxa2+ 25. Rc2 Qd5 26. Qc7 Rh6 27. Qxa7 Rf6 28. Kc1 Rc6 29. Rxc6 Qxc6+ 30. Kd2 f5 31. Bf1 Qd6 32. Kc3 g5 33. Qa2 Ke7 34. Qg8 Qa3+ 35. Qb3 Qc1+ 0-1

[Event "GER-ch49 V02 email"]
[Site "GER email"]
[Date "2017.04.03"]
[Round "?"]
[White "Hamann, Henner"]
[Black "Hoffmeyer, Falk"]
[Result "1/2-1/2"]
[WhiteElo "2312"]
[BlackElo "2209"]
[PlyCount "84"]
[EventDate "2017.??.??"]
[EventType "tourn (corr)"]
[EventRounds "10"]
[EventCountry "GER"]
[SourceTitle "Corr 2020"]
[Source "ChessBase"]
[SourceDate "2019.09.30"]
[SourceVersion "1"]
[SourceVersionDate "2019.09.30"]
[SourceQuality "1"]

1. d4 Nf6 2. Nf3 d5 3. Bf4 c5 4. e3 Nc6 5. c3 Qb6 6. Qc2 g6 7. Nbd2 Bf5 8. dxc5 Qxc5 9. Qb3 Na5 10. Qb5+ Qxb5 11. Bxb5+ Bd7 12. Bd3 Bg7 13. Bc2 Bf5 14. Bxf5 gxf5 15. Nd4 e6 16. f3 Rg8 17. Kf2 a6 18. b4 Nc4 19. Nxc4 dxc4 20. Be5 Nd5 21. Bxg7 Rxg7 22. Ne2 0-0-0 23. g3 e5 24. Rad1 Rg6 25. h3 h5 26. a4 Rgd6 27. f4 f6 28. a5 Kc7 29. Rdg1 Re8 30. g4 hxg4 31. hxg4 exf4 32. Rh7+ Kc8 33. exf4 Ne3 34. Nd4 Nxg4+ 35. Kg2 Re3 36. Rc1 Rd7 37. Rh8+ Kc7 38. b5 axb5 39. Nxb5+ Kc6 40. Nd4+ Kc5 41. Rc8+ Kd5 42. Nxf5 Rd3 1/2-1/2

[Event "GER-ch49 V02 email"]
[Site "GER email"]
[Date "2017.04.03"]
[Round "?"]
[White "Hoffmeyer, Falk"]
[Black "Lins, Thomas"]
[Result "1/2-1/2"]
[WhiteElo "2209"]
[BlackElo "2440"]
[PlyCount "64"]
[EventDate "2017.??.??"]
[EventType "tourn (corr)"]
[EventRounds "10"]
[EventCountry "GER"]
[SourceTitle "Corr 2017"]
[Source "ChessBase"]
[SourceDate "2017.09.19"]
[SourceVersion "1"]
[SourceVersionDate "2017.09.19"]
[SourceQuality "1"]

1. d4 d5 2. c4 e6 3. Nf3 Nf6 4. g3 Bb4+ 5. Bd2 Be7 6. Bg2 0-0 7. 0-0 Nbd7 8. Qc2 c6 9. Bf4 b6 10. Rd1 Bb7 11. Ne5 Nh5 12. Bd2 Nhf6 13. cxd5 cxd5 14. Nc6 Bxc6 15. Qxc6 Rc8 16. Qb5 Ne8 17. Qd3 Nd6 18. Nc3 Nf6 19. b3 Qd7 20. f3 Rfd8 21. e4 dxe4 22. fxe4 Nde8 23. Bf4 Ng4 24. Qf3 Bb4 25. Na4 f5 26. a3 Be7 27. exf5 exf5 28. Nc3 Nd6 29. b4 Kh8 30. Rac1 g5 31. Be5+ Bf6 32. Qxg4 fxg4 1/2-1/2

[Event "Bundesliga 1617"]
[Site "Germany"]
[Date "2017.03.19"]
[Round "10.7"]
[White "Zeller, Frank"]
[Black "Hoffmeyer, Falk"]
[Result "0-1"]
[WhiteElo "2397"]
[BlackElo "2354"]
[PlyCount "64"]
[EventDate "2016.10.15"]
[EventType "team-tourn"]
[EventRounds "15"]
[EventCountry "GER"]
[SourceTitle "CBM 178"]
[Source "ChessBase"]
[SourceDate "2017.05.14"]
[SourceVersion "1"]
[SourceVersionDate "2017.05.14"]
[SourceQuality "1"]
[WhiteTeam "Schwaebisch Hall"]
[BlackTeam "Muenchen Zugzwang"]
[WhiteTeamCountry "GER"]
[BlackTeamCountry "GER"]

1. e4 c6 2. d4 d5 3. Nc3 dxe4 4. Nxe4 Bf5 5. Ng3 Bg6 6. h4 h6 7. Nf3 Nd7 8. h5 Bh7 9. Bd3 Bxd3 10. Qxd3 e6 11. Bf4 Qa5+ 12. Bd2 Bb4 13. c3 Be7 14. c4 Qc7 15. Kf1 Ngf6 16. Re1 0-0 17. Rh4 Rad8 18. Qc2 Rfe8 19. Ne5 Bd6 20. Bc3 c5 21. Nxd7 Rxd7 22. Ne4 Nxe4 23. Rhxe4 Bf8 24. d5 Qh2 25. g4 Red8 26. dxe6 fxe6 27. R4e3 Be7 28. Qe4 Bh4 29. Rf3 Bg5 30. Qxe6+ Kh8 31. Qe5 Qh1+ 32. Ke2 Rd2+ 0-1

[Event "Bundesliga 1617"]
[Site "Germany"]
[Date "2017.03.18"]
[Round "9.8"]
[White "Hoffmeyer, Falk"]
[Black "Moehn, Hans"]
[Result "1/2-1/2"]
[WhiteElo "2354"]
[BlackElo "2386"]
[PlyCount "42"]
[EventDate "2016.10.15"]
[EventType "team-tourn"]
[EventRounds "15"]
[EventCountry "GER"]
[SourceTitle "CBM 178"]
[Source "ChessBase"]
[SourceDate "2017.05.14"]
[SourceVersion "1"]
[SourceVersionDate "2017.05.14"]
[SourceQuality "1"]
[WhiteTeam "Muenchen Zugzwang"]
[BlackTeam "Dresden"]
[WhiteTeamCountry "GER"]
[BlackTeamCountry "GER"]

1. d4 Nf6 2. Bf4 g6 3. Nc3 d5 4. Qd2 a6 5. Nf3 b6 6. Bh6 Bxh6 7. Qxh6 e6 8. Ne5 Qe7 9. e3 Nbd7 10. Nxd7 Nxd7 11. Be2 Bb7 12. 0-0 Qf8 13. Qf4 Qd6 14. Qxd6 cxd6 15. a4 Ke7 16. Na2 Rhc8 17. c3 Nb8 18. Nb4 Nc6 19. Nxc6+ Bxc6 20. Ra3 Kd7 21. Rfa1 a5 1/2-1/2

[Event "GER rap13 FSM/V05 email"]
[Site "GER email"]
[Date "2016.12.05"]
[Round "?"]
[White "Bendig, Frank"]
[Black "Hoffmeyer, Falk"]
[Result "0-1"]
[WhiteElo "2069"]
[BlackElo "2071"]
[PlyCount "42"]
[EventDate "2016.12.09"]
[EventType "tourn (corr)"]
[EventRounds "4"]
[EventCountry "GER"]
[SourceTitle "Corr 2022"]
[Source "ChessBase"]
[SourceDate "2021.10.24"]
[SourceVersion "1"]
[SourceVersionDate "2021.10.24"]
[SourceQuality "1"]

1. b4 e5 2. Bb2 Bxb4 3. Bxe5 Nf6 4. Nf3 0-0 5. e3 Re8 6. Be2 d5 7. c4 c5 8. cxd5 Nxd5 9. 0-0 Nc6 10. Bb2 Bf5 11. Nc3 Nxc3 12. dxc3 Ba5 13. Qa4 Qb6 14. Qb3 h6 15. Bc4 Qxb3 16. axb3 Red8 17. Bb5 Bb6 18. Bxc6 bxc6 19. Rfc1 c4 20. b4 Rd6 21. Nd4 Bd3 0-1

[Event "GER rap13 FSM/V05 email"]
[Site "GER email"]
[Date "2016.12.04"]
[Round "?"]
[White "Hild, Harald"]
[Black "Hoffmeyer, Falk"]
[Result "1/2-1/2"]
[WhiteElo "1902"]
[BlackElo "2071"]
[PlyCount "108"]
[EventDate "2016.12.09"]
[EventType "tourn (corr)"]
[EventRounds "4"]
[EventCountry "GER"]
[SourceTitle "Corr 2022"]
[Source "ChessBase"]
[SourceDate "2021.10.24"]
[SourceVersion "1"]
[SourceVersionDate "2021.10.24"]
[SourceQuality "1"]

1. e4 e5 2. Nf3 Nc6 3. Bb5 a6 4. Ba4 Nf6 5. 0-0 Be7 6. Re1 b5 7. Bb3 d6 8. c3 0-0 9. h3 Bb7 10. d4 Re8 11. Nbd2 Bf8 12. Bc2 g6 13. d5 Ne7 14. Nf1 Bg7 15. a4 c6 16. dxc6 Bxc6 17. Bg5 Qc7 18. axb5 axb5 19. Rxa8 Rxa8 20. Ne3 Rd8 21. Bxf6 Bxf6 22. Bb3 Kg7 23. Bd5 Nxd5 24. exd5 Bd7 25. Qa1 b4 26. cxb4 Qb7 27. Qa3 Ra8 28. Qc3 Ra4 29. Nd2 Rxb4 30. Ndc4 Qb8 31. Ra1 Ba4 32. g3 h5 33. h4 Bd8 34. Ra3 Bc7 35. Qd2 Bd8 36. Qc3 Bc7 37. Qd2 Bd7 38. Ra8 Qxa8 39. Qxb4 Qa6 40. b3 f6 41. Qc3 Qa7 42. b4 Bb5 43. Qa3 Qb8 44. Na5 Qa8 45. Nac4 Qxa3 46. Nxa3 Ba6 47. b5 Bb7 48. Kf1 f5 49. Nac2 Kf6 50. Nb4 Ke7 51. Nc6+ Kd7 52. Nc4 Bd8 53. Ke1 Bf6 54. Ke2 Kc7 1/2-1/2

[Event "GER rap13 FSM/V05 email"]
[Site "GER email"]
[Date "2016.12.04"]
[Round "?"]
[White "Hoffmeyer, Falk"]
[Black "Even, Roland"]
[Result "1/2-1/2"]
[WhiteElo "2071"]
[BlackElo "2190"]
[PlyCount "86"]
[EventDate "2016.12.09"]
[EventType "tourn (corr)"]
[EventRounds "4"]
[EventCountry "GER"]
[SourceTitle "Corr 2022"]
[Source "ChessBase"]
[SourceDate "2021.10.24"]
[SourceVersion "1"]
[SourceVersionDate "2021.10.24"]
[SourceQuality "1"]

1. d4 Nf6 2. c4 g6 3. Nc3 Bg7 4. e3 0-0 5. Nf3 d6 6. Be2 c5 7. d5 e6 8. 0-0 exd5 9. cxd5 Re8 10. Nd2 Na6 11. Nc4 Ne4 12. Nxe4 Rxe4 13. a4 Re8 14. Bd2 b6 15. Bc3 Nc7 16. Nd2 f5 17. Qb3 Rb8 18. Rfd1 Bb7 19. Bf3 Bxc3 20. bxc3 Qf6 21. g3 g5 22. Rdb1 Bc8 23. c4 a5 24. Qb2 Qxb2 25. Rxb2 Na6 26. Nb1 Nb4 27. Nc3 Nd3 28. Rbb1 Rf8 29. Be2 Nb4 30. f4 h6 31. h4 g4 32. e4 fxe4 33. Nxe4 Bf5 34. Nxd6 Bxb1 35. Rxb1 h5 36. Kf2 Rfd8 37. Ne4 Kg7 38. Rb3 Nc2 39. Bd3 Nd4 40. Rb1 Rdc8 41. Ng5 Rf8 42. Ne4 Rfd8 43. Ng5 Rf8 1/2-1/2

[Event "Bundesliga 1617"]
[Site "Germany"]
[Date "2016.11.20"]
[Round "4.6"]
[White "Hoffmeyer, Falk"]
[Black "Bruedigam, Martin"]
[Result "1/2-1/2"]
[WhiteElo "2354"]
[BlackElo "2408"]
[PlyCount "86"]
[EventDate "2016.10.15"]
[EventType "team-tourn"]
[EventRounds "15"]
[EventCountry "GER"]
[SourceTitle "CBM 176"]
[Source "ChessBase"]
[SourceDate "2017.01.17"]
[SourceVersion "1"]
[SourceVersionDate "2017.01.17"]
[SourceQuality "1"]
[WhiteTeam "Muenchen Zugzwang"]
[BlackTeam "Koenig Tegel"]
[WhiteTeamCountry "GER"]
[BlackTeamCountry "GER"]

1. d4 Nf6 2. Bg5 e6 3. e3 c5 4. c3 cxd4 5. exd4 Be7 6. Bd3 d6 7. Nf3 Nbd7 8. 0-0 Nf8 9. Nbd2 Ng6 10. Bxf6 Bxf6 11. Ne4 Be7 12. Re1 0-0 13. Qd2 Bd7 14. Neg5 Bc6 15. Bxg6 hxg6 16. Qf4 Bxf3 17. Nxf3 Qa5 18. Qe4 Rab8 19. Re3 Qf5 20. Ne1 Qxe4 21. Rxe4 d5 22. Re3 b5 23. a3 a5 24. Nd3 Rfc8 25. g3 Rb7 26. h4 Bd6 27. Kg2 Kf8 28. Nc1 Ke7 29. Ne2 Ra7 30. Kf3 Rca8 31. Nf4 Bxf4 32. Kxf4 Kd6 33. Re2 b4 34. axb4 axb4 35. Rxa7 Rxa7 36. Ke3 bxc3 37. bxc3 f6 38. Rb2 Rc7 39. Kd3 Ke7 40. Rb6 Kf7 41. Rd6 Ke7 42. Ra6 Kd7 43. Rb6 Ke7 1/2-1/2